Delhi: (Record no. 12194)

MARC details
000 -LEADER
fixed length control field 01060 a2200229 4500
010 ## - LCCN (DPL NO)
LC control number ENG-90144 B-477253
020 ## - INTERNATIONAL STANDARD BOOK NUMBER
International Standard Book Number 8190356119
Terms of availability 1200.00
035 ## - SYSTEM CONTROL NUMBER
System control number EN-73677 B-477253
037 ## - SOURCE OF ACQUISITION
Source of stock number/acquisition DBAD / PUB
037 ## - SOURCE OF ACQUISITION
Source of stock number/acquisition K.K.Pub/Ven
082 14 - DEWEY DECIMAL CLASSIFICATION NUMBER
Classification number 954.16
100 1# - MAIN ENTRY--PERSONAL NAME
Personal name Ranjan Kumar Singh
245 1# - TITLE STATEMENT
Title Delhi:
Statement of responsibility, etc by Ranjan Kumar Singh
Remainder of title rising above ruins/
260 ## - PUBLICATION, DISTRIBUTION, ETC. (IMPRINT)
Place of publication, distribution, etc Patna
Name of publisher, distributor, etc Parijat Prakashan
Date of publication, distribution, etc 2006
270 ## - ADDRESS
Address Kamta Sadan, Kamta Singh Kam Lane, East Boring Canal Road,
City Patna
300 ## - PHYSICAL DESCRIPTION
Extent 136p.:
Dimensions 28 cm (Hb)
Other physical details col. photos
500 ## - GENERAL NOTE
General note Includes index
942 ## - ADDED ENTRY ELEMENTS (KOHA)
Institution code [OBSOLETE] dpl
Item type English Books
Call number prefix 954.16 / RAN
Source of classification or shelving scheme Dewey Decimal Classification
Classification part 954.16
Call number suffix RAN
Holdings
Withdrawn status Lost status Not for loan Home library Current library Date acquired Cost, normal purchase price Barcode Cost, replacement price Koha item type Collection code Source of acquisition Full call number Copy number
    Not For Loan Central Library Central Library 08/08/2012 1200.00 B-477253 1200.00 English Books Reference K.K.Pub/1907/30.3.2012/SP/45/30.03.2012/30.03.2012 954.16 RAN B-477253
      D.B.Act.Division D.B.Act.Division 05/08/2009 1200.00 EN-73677 1200.00 English Books        

© Delhi Public Library
Hit Counter
free hit counter